[Event "Online Olym Div Top-D"]
[Site "Chess.com INT"]
[Date "2021.09.10"]
[Round "8.2"]
[White "Van den Doel, Erik"]
[Black "Soysal, Serkan"]
[Result "1-0"]
[WhiteElo "2599"]
[BlackElo "2389"]
[PlyCount "127"]
[EventDate "2021.09.08"]
[EventType "team (rapid)"]
[EventRounds "9"]
[EventCountry "USA"]
[SourceTitle "CBM 204 Extra"]
[Source "ChessBase"]
[SourceDate "2021.11.30"]
[SourceVersion "1"]
[SourceVersionDate "2021.11.30"]
[SourceQuality "1"]
[WhiteTeam "Netherlands"]
[BlackTeam "Turkey"]
[WhiteTeamCountry "NED"]
[BlackTeamCountry "TUR"]

1. e4 c5 2. Nf3 a6 3. c3 e6 4. d4 d5 5. e5 Bd7 6. Bd3 cxd4 7. Nxd4 Nc6 8. Nxc6 Bxc6 9. 0-0 Bc5 10. Nd2 Ne7 11. Nb3 Bb6 12. Qe2 0-0 13. Kh1 Qd7 14. Bg5 h6 15. Bxe7 Qxe7 16. f4 f5 17. exf6 Qxf6 18. Nd4 Bd7 19. Nf3 Bc7 20. g3 Rae8 21. Rae1 Bc6 22. Nd4 Bd7 23. Bc2 g6 24. a4 Qg7 25. Qd3 g5 26. f5 exf5 27. Rxe8 Rxe8 28. Nxf5 Bxf5 29. Qxf5 Rf8 30. Qxd5+ Kh8 31. Re1 Bb6 32. Qe4 Qf7 33. Qe5+ Qf6 34. Qxf6+ Rxf6 35. Be4 Re6 36. Kg2 g4 37. h3 gxh3+ 38. Kxh3 Bc7 39. Re2 a5 40. Kg2 b6 41. g4 Re7 42. Kf3 Kg7 43. Rd2 Kf6 44. Rd5 Re5 45. Rd7 Re7 46. Rd3 Re8 47. Rd4 Re5 48. b4 axb4 49. cxb4 Re7 50. Rc4 Ke5 51. a5 bxa5 52. bxa5 Rf7+ 53. Ke3 Kd6 54. Rc6+ Kd7 55. a6 Rf1 56. Rxc7+ Kxc7 57. a7 Re1+ 58. Kf3 Ra1 59. a8Q Rxa8 60. Bxa8 Kd6 61. Kg3 Ke6 62. Kh4 Kf6 63. Kh5 Kg7 64. Be4 1-0

[Event "SRB-chT 1st League"]
[Site "Bajina Basta"]
[Date "2019.09.15"]
[Round "3.1"]
[White "Soysal, Serkan"]
[Black "Mastrovasilis, Dimitrios"]
[Result "1/2-1/2"]
[WhiteElo "2401"]
[BlackElo "2598"]
[PlyCount "23"]
[EventDate "2019.09.13"]
[EventType "team-tourn"]
[EventRounds "11"]
[EventCountry "SRB"]
[SourceTitle "CBM 195 Extra"]
[Source "ChessBase"]
[SourceDate "2020.05.31"]
[SourceVersion "1"]
[SourceVersionDate "2020.05.31"]
[SourceQuality "1"]
[WhiteTeam "Belgrade Vodovod"]
[BlackTeam "Pozega"]
[WhiteTeamCountry "SRB"]
[BlackTeamCountry "SRB"]

1. d4 d5 2. c4 e6 3. Nc3 Nf6 4. cxd5 exd5 5. Bg5 c6 6. e3 Be7 7. Bd3 Bg4 8. Qc2 Bh5 9. Nge2 Bg6 10. Bxg6 hxg6 11. Nf4 Nbd7 12. 0-0-0 1/2-1/2

[Event "Izmir op 18th"]
[Site "Izmir"]
[Date "2019.09.06"]
[Round "8"]
[White "Mohannad, Farhan"]
[Black "Soysal, Serkan"]
[Result "1/2-1/2"]
[WhiteElo "2094"]
[BlackElo "2401"]
[PlyCount "107"]
[EventDate "2019.09.02"]
[EventType "swiss"]
[EventRounds "9"]
[EventCountry "TUR"]
[SourceTitle "EXT 2020"]
[Source "ChessBase"]
[SourceDate "2019.10.17"]
[SourceVersion "1"]
[SourceVersionDate "2019.10.17"]
[SourceQuality "1"]

1. d4 d5 2. c4 c6 3. cxd5 cxd5 4. Bg5 h6 5. Bh4 Qb6 6. Qd2 Nc6 7. Nc3 e6 8. e3 Bd7 9. Bd3 Nf6 10. Bxf6 gxf6 11. Nge2 Nb4 12. Bb1 Rc8 13. 0-0 h5 14. a3 Nc6 15. b4 Qd8 16. e4 dxe4 17. Nxe4 b6 18. d5 Ne5 19. Qf4 Rh6 20. Nd6+ Bxd6 21. Qxh6 Ke7 22. Qxh5 Qg8 23. dxe6 Bxe6 24. Ng3 Rc4 25. Bf5 Rf4 26. Bxe6 fxe6 27. Rad1 Bb8 28. Rfe1 f5 29. Qe2 Rh4 30. Qb5 Qh8 31. Nf1 Kf6 32. Qe2 Re4 33. Qd2 Rg4 34. Kh1 Qg8 35. Qd8+ Kf7 36. Qxg8+ Rxg8 37. h3 b5 38. Ne3 Kf6 39. g3 Bc7 40. f4 Nf3 41. Nf1 Bxf4 42. Re2 Bb8 43. Kg2 Ng5 44. Rc2 Ne4 45. Rd3 Be5 46. Rc6 Ra8 47. Nd2 a5 48. Nxe4+ fxe4 49. Re3 axb4 50. axb4 Ra2+ 51. Kf1 Ra1+ 52. Kg2 Ra2+ 53. Kf1 Ra1+ 54. Kg2 1/2-1/2

[Event "Izmir op 18th"]
[Site "Izmir"]
[Date "2019.09.03"]
[Round "2"]
[White "Soysal, Serkan"]
[Black "Ugur, Cem"]
[Result "1-0"]
[WhiteElo "2401"]
[BlackElo "1715"]
[PlyCount "115"]
[EventDate "2019.09.02"]
[EventType "swiss"]
[EventRounds "9"]
[EventCountry "TUR"]
[SourceTitle "EXT 2020"]
[Source "ChessBase"]
[SourceDate "2019.10.17"]
[SourceVersion "1"]
[SourceVersionDate "2019.10.17"]
[SourceQuality "1"]

1. e4 e5 2. f4 Bc5 3. Nf3 Nc6 4. fxe5 Nxe5 5. Nxe5 Qh4+ 6. g3 Qxe4+ 7. Qe2 Qxh1 8. Ng6+ Ne7 9. Nxh8 d6 10. Qg2 Qg1 11. c3 Be6 12. d4 Bxd4 13. cxd4 Qxd4 14. Nc3 0-0-0 15. Nxf7 Bxf7 16. Bd2 Nd5 17. 0-0-0 Nxc3 18. Bxc3 Qa4 19. b3 Qa3+ 20. Qb2 Qc5 21. Kb1 Bg6+ 22. Ka1 Rf8 23. Bd4 Qf5 24. Bg2 Re8 25. Rc1 Qg5 26. Qc3 c5 27. b4 b6 28. bxc5 dxc5 29. h4 Qe7 30. Qf3 Be4 31. Qg4+ Qd7 32. Bh3 Qxg4 33. Bxg4+ Kb7 34. Re1 cxd4 35. Rxe4 Rxe4 36. Bf3 Kc7 37. Bxe4 h6 38. Kb2 Kd6 39. Kb3 Kc5 40. a4 a5 41. Bd3 Kd5 42. h5 Kc5 43. Bc4 Kd6 44. Kc2 Ke5 45. Kd3 Kf5 46. Kxd4 Kg4 47. Bf7 Kxg3 48. Kc4 Kf4 49. Kb5 Ke5 50. Bg6 Kd6 51. Kxb6 Kd5 52. Kxa5 Kc5 53. Ka6 Kc6 54. a5 Kc7 55. Kb5 Kb7 56. a6+ Ka7 57. Ka5 Kb8 58. Kb6 1-0

[Event "Izmir op 18th"]
[Site "Izmir"]
[Date "2019.09.02"]
[Round "1"]
[White "Gonca, Harun"]
[Black "Soysal, Serkan"]
[Result "0-1"]
[WhiteElo "1411"]
[BlackElo "2401"]
[PlyCount "40"]
[EventDate "2019.09.02"]
[EventType "swiss"]
[EventRounds "9"]
[EventCountry "TUR"]
[SourceTitle "EXT 2020"]
[Source "ChessBase"]
[SourceDate "2019.10.17"]
[SourceVersion "1"]
[SourceVersionDate "2019.10.17"]
[SourceQuality "1"]

1. e4 c5 2. Nf3 Nc6 3. d4 cxd4 4. Nxd4 Nf6 5. Nc3 e5 6. Nxc6 bxc6 7. Bc4 Bb4 8. Bd2 0-0 9. Qf3 d5 10. exd5 cxd5 11. Bb3 Bg4 12. Qd3 d4 13. Ne4 Bxd2+ 14. Nxd2 e4 15. Qg3 Qa5 16. c3 e3 17. Nc4 exf2+ 18. Qxf2 Rfe8+ 19. Kf1 Qa6 20. Qxd4 Rad8 0-1

[Event "Vienna op"]
[Site "Vienna"]
[Date "2019.08.23"]
[Round "8"]
[White "Soysal, Serkan"]
[Black "Kindermann, Stefan"]
[Result "1-0"]
[WhiteElo "2388"]
[BlackElo "2494"]
[PlyCount "73"]
[EventDate "2019.08.17"]
[EventType "swiss"]
[EventRounds "9"]
[EventCountry "AUT"]
[SourceTitle "EXT 2020"]
[Source "ChessBase"]
[SourceDate "2019.10.17"]
[SourceVersion "1"]
[SourceVersionDate "2019.10.17"]
[SourceQuality "1"]

1. d4 f5 2. Nc3 Nf6 3. Bg5 d5 4. Bxf6 exf6 5. e3 Be6 6. Qf3 Qd7 7. Bb5 c6 8. Bd3 Bd6 9. Nge2 g6 10. h3 Na6 11. Bxa6 bxa6 12. b3 g5 13. g3 0-0-0 14. 0-0-0 h5 15. h4 f4 16. exf4 gxf4 17. Qd3 fxg3 18. fxg3 Bg4 19. Qxa6+ Qb7 20. Qxb7+ Kxb7 21. Rde1 Rhg8 22. Rhf1 Bb4 23. Kb2 Bxe2 24. Rxe2 Rxg3 25. Na4 Rg4 26. Rxf6 Rd7 27. a3 Be7 28. Rfe6 Bf8 29. Re8 Bd6 30. Nc5+ Bxc5 31. dxc5 Rxh4 32. Rh8 Rg4 33. Ree8 h4 34. Rb8+ Ka6 35. Rh6 Rc7 36. b4 Rc4 37. Kb3 1-0

[Event "TUR-chT"]
[Site "Konya"]
[Date "2019.07.18"]
[Round "2.7"]
[White "Ali Marandi, Cemil Can"]
[Black "Soysal, Serkan"]
[Result "1-0"]
[WhiteElo "2527"]
[BlackElo "2431"]
[PlyCount "75"]
[EventDate "2019.07.17"]
[EventType "team-tourn"]
[EventRounds "13"]
[EventCountry "TUR"]
[SourceTitle "CBM 191 Extra"]
[Source "ChessBase"]
[SourceDate "2019.09.30"]
[SourceVersion "1"]
[SourceVersionDate "2019.09.30"]
[SourceQuality "1"]
[WhiteTeam "Tatvan Egitimi"]
[BlackTeam "Hatay Buyuksehir"]
[WhiteTeamCountry "TUR"]
[BlackTeamCountry "TUR"]

1. d4 Nf6 2. Bg5 d5 3. e3 c5 4. Nd2 Nc6 5. c3 cxd4 6. exd4 e6 7. Bd3 h6 8. Bh4 Bd6 9. Ngf3 0-0 10. 0-0 Be7 11. Re1 Nd7 12. Bxe7 Qxe7 13. Nf1 b6 14. Ne3 Nf6 15. Ne5 Nxe5 16. dxe5 Nd7 17. f4 Nc5 18. f5 Qg5 19. f6 Bb7 20. Bc2 gxf6 21. exf6 Rad8 22. Ng4 Ne4 23. Qf3 h5 24. Nf2 Nxf6 25. Nh3 Qh6 26. Re5 Kh8 27. Rg5 Rg8 28. Qf4 Rxg5 29. Nxg5 Kg7 30. Rf1 Rd7 31. Ba4 Re7 32. Qe5 Ba6 33. Rf3 Qg6 34. Bc2 Qh6 35. Rg3 Kh8 36. Qb8+ Ne8 37. Qxe8+ Rxe8 38. Nxf7# 1-0

[Event "Paracin Summer op-A 12th"]
[Site "Paracin"]
[Date "2019.07.09"]
[Round "6"]
[White "Banovic, Ivan"]
[Black "Soysal, Serkan"]
[Result "0-1"]
[WhiteElo "2227"]
[BlackElo "2431"]
[PlyCount "48"]
[EventDate "2019.07.05"]
[EventType "swiss"]
[EventRounds "9"]
[EventCountry "SRB"]
[SourceTitle "EXT 2020"]
[Source "ChessBase"]
[SourceDate "2019.10.17"]
[SourceVersion "1"]
[SourceVersionDate "2019.10.17"]
[SourceQuality "1"]

1. d4 d5 2. Nf3 Nf6 3. Bf4 c5 4. e3 Nc6 5. Nbd2 g6 6. Bb5 Qb6 7. c4 Bg7 8. a4 0-0 9. cxd5 Nxd5 10. Nc4 Qd8 11. Bg3 Ncb4 12. a5 Bf5 13. 0-0 a6 14. Ba4 Bd3 15. Nce5 Bxf1 16. Qxf1 cxd4 17. exd4 Qxa5 18. Bc6 Qd8 19. Bxb7 Ra7 20. Bc6 Bxe5 21. Nxe5 f6 22. Bxd5+ Qxd5 23. Nf3 Rc8 24. h3 a5 0-1

[Event "Paracin Summer op-A 12th"]
[Site "Paracin"]
[Date "2019.07.09"]
[Round "5"]
[White "Soysal, Serkan"]
[Black "Jijo, Joy"]
[Result "1-0"]
[WhiteElo "2431"]
[BlackElo "2053"]
[PlyCount "59"]
[EventDate "2019.07.05"]
[EventType "swiss"]
[EventRounds "9"]
[EventCountry "SRB"]
[SourceTitle "CBM 191 Extra"]
[Source "ChessBase"]
[SourceDate "2019.09.30"]
[SourceVersion "1"]
[SourceVersionDate "2019.09.30"]
[SourceQuality "1"]

1. c4 d5 2. cxd5 Qxd5 3. Nc3 Qd8 4. Nf3 c5 5. d4 cxd4 6. Qxd4 Qxd4 7. Nxd4 Nf6 8. Ndb5 Na6 9. Bf4 g6 10. g3 Bg7 11. Bg2 0-0 12. 0-0 Ng4 13. Rad1 Nb4 14. h3 Ne5 15. a3 Nbc6 16. Nd5 Be6 17. e4 Rac8 18. Bg5 a6 19. Nbc7 Rxc7 20. Nxc7 Bc4 21. Nd5 Bxf1 22. Kxf1 Re8 23. b3 h6 24. Be3 e6 25. Nb6 f5 26. f4 Nf7 27. Rd7 Re7 28. exf5 exf5 29. Bxc6 Rxe3 30. Bd5 1-0